La Micronésie pour les touristes... - Statistiques

Statistiques générales
  • Ce quiz a été pris 4 fois
  • Le résultat moyen est 8 sur 20
Statistiques - réponses
Question Indice Réponses % Correct
La vitesse est limitée à {50} km/h
100%
Quelle est la langue officielle ? Anglais
100%
La conduite se fait à droite ou à gauche ? Droite
100%
Avez-vous besoin d'un visa ? (oui/non) Non
100%
Dans la capitale y-a-t-il un décalage horaire avec Paris ? (oui/non) Oui
100%
La religion majoritaire est Catholicisme
50%
A quelle région appartient ce pays M Micronésie
50%
Achats à faire 3/ Objets tissés en feuille de ... Palmier
50%
Quelle est la monnaie ? Dollar américain
25%
Le suffixe internet est fm
25%
Quelles sont les principaux lieux touristiques ? Y Monnaie de pierre à {Yap}
25%
Achats à faire 2/ Objets fabriqués à partir de coquillages, en... Nacre
25%
Combien d'heures (environ) mettrez-vous pour vous y rendre ? (en chiffres) 38
0%
Quelles sont les principaux lieux touristiques ? MW Baie de {Milky Way}
0%
Quelles sont les principaux lieux touristiques ? L Cité de {Lelu}
0%
Achats à faire 1/ Sorte de jupe Paréo
0%
Le principal aéroport est P Pohnpei
0%
Quelles sont les principaux lieux touristiques ? P Pohnpei
0%
Quel est le climat local ? TM Tropical marin
0%
Comment se nomme la principale compagnie aérienne locale UA United Airlines
0%
Aucun quiz correspondant
Distribution des résultats
% des personnes avec chaque résultat
Percentile par nombre de réponses
Votre historique - résultats
Vous n’avez pas pris ce quiz